000 00293cam a2200109ua 4500
082 _a828.09
_bMCC/EI
100 _aMcccutchean, Roger P .
_91924
245 _aEighteenth Century English Literature /
260 _aLondon :
_bOxford University Press ,
_c1958.
300 _a180 ; .
942 _cBK
999 _c12249
_d12249